| 000 | 00498nam a2200169Ia 4500 | ||
|---|---|---|---|
| 999 |
_c18784 _d18784 |
||
| 003 | OSt | ||
| 005 | 20200707112816.0 | ||
| 008 | 190216s9999||||xx |||||||||||||| ||und|| | ||
| 040 | _coclc | ||
| 082 |
_a973 _bJOH/A |
||
| 100 |
_aJohnson, Gerald W _93599 |
||
| 245 | 0 |
_aAmerica Is Born A History Of Peter / _cGerald W Johnson |
|
| 260 |
_bSterling Publications, _c1967. _aDelhi: |
||
| 300 | _a254p | ||
| 650 | _aHistory Of America | ||
| 942 |
_cBK _2ddc _h973 _iJOH/A _k973 _mJOH/A |
||